| 000 | 00542nam a22001817a 4500 | ||
|---|---|---|---|
| 003 | NUST | ||
| 005 | 20221110115935.0 | ||
| 008 | 221110b ||||| |||| 00| 0 eng d | ||
| 020 | _a9789694949765 | ||
| 082 | _a495.113,JAV | ||
| 100 | _aJaved, Syed Hasan | ||
| 245 |
_aChinese made easy : _bspoken chinese in hundred lessons / _cSyed Hasan Javed, |
||
| 250 | _a2nd edition | ||
| 260 |
_aKarachi _bParamount Books, _c2016 |
||
| 300 | _axiii, 187 p | ||
| 505 | _aSpoken chinese in 100 lessons (Chinese, English, Urdu). | ||
| 942 |
_2ddc _cBK |
||
| 999 |
_c592277 _d592277 |
||